First aid for the medicine clerkship

Spremljeno u:
Bibliografski detalji
Glavni autor: Kaufman, Matthew S.
Daljnji autori: Stead, Latha G., Rusovici, Arthur
Format: Knjiga
Jezik:English
Izdano: New York McGraw-Hill Medical 2010
Izdanje:3rd ed.
Teme:
Oznake: Dodaj oznaku
Bez oznaka, Budi prvi tko označuje ovaj zapis!
Thư viện lưu trữ: Mạng thư viện Đại học Đà Nẵng
LEADER 01598nam a2200397 4500
001 000021308
003 17755
005 20150416150445.0
008 150416s2010 engsd
020 |a 9780071633826 (pbk. : alk. paper)  |a 0071633820 (pbk. : alk. paper) 
041 0 |a eng 
082 1 4 |a 610.711|222  |b KA-M 
100 1 |a Kaufman, Matthew S.  |q (Martin Stuart) 
245 1 0 |a First aid for the medicine clerkship  |c Matthew S. Kaufman, Latha G. Stead, Arthur Rusovici. 
246 1 3 |a Medicine clerkship 
250 |a 3rd ed. 
260 |a New York  |b McGraw-Hill Medical  |c 2010 
300 |a xii, 420 p.  |b ill. (some col.)  |c 28 cm. 
500 |a Includes index  |a Rev. ed. of: First aid for the medicine clerkship / series editors, Latha G. Stead, S. Matthew Stead, Matthew S. Kaufman ; supervising editor and contributing author, Samy I. McFarlane. 2nd ed. 2005. 
650 0 0 |a Clinical clerkship 
650 0 2 |a Clinical Clerkship  |v Handbooks 
650 0 2 |a Career Choice  |v Handbooks 
650 0 2 |a Fellowships and Scholarships  |v Handbooks 
653 |a Y học 
700 1 |a Stead, Latha G. 
700 1 |a Rusovici, Arthur 
OWN |a LSP 
AVA |a UDN50  |b LSP  |d 610.711|222 KA-M  |e available  |t Error 5001 Not defined in file expand_doc_bib_avail.  |f 1  |g 0  |h N  |i 0  |k 1 
999 |a From the UDN01 
AVA |a UDN50  |b LSP  |d 610.711|222 KA-M  |e available  |t Error 5001 Not defined in file expand_doc_bib_avail.  |f 1  |g 0  |h N  |i 0  |k 1 
TYP |a Monograph 
TYP |a Printed language 
980 |a Mạng thư viện Đại học Đà Nẵng